Religiöse Pluralisierung im öffentlichen Raum: Sakralräume in Berlin und Brandenburg
Erstmals wird hier die historische Entwicklung zur gegenwärtigen religiösen Pluralität in Berlin und Brandenburg dargestellt. In Wort und Bild werden die Aspekte verdeutlicht, die in fünf Phasen seit 300 Jahren für die Einrichtung von religionsspezifischen und geteilten Sakralräumen entscheidend war...
| Main Author: | |
|---|---|
| Corporate Authors: | ; |
| Format: | Print Book |
| Language: | German |
| Subito Delivery Service: | Order now. |
| Check availability: | HBZ Gateway |
| WorldCat: | WorldCat |
| Interlibrary Loan: | Interlibrary Loan for the Fachinformationsdienste (Specialized Information Services in Germany) |
| Published: |
Baden-Baden
Ergon Verlag
[2024]
|
| In: | Year: 2024 |
| Standardized Subjects / Keyword chains: | B
Berlin
/ Brandenburg
/ Sacral building
/ Religious pluralism
/ Cultural contact
B Berlin / Brandenburg / Sacral building / Religious pluralism |
| Further subjects: | B
Storm
B Church B Geschichte der Religion B Dome B Bahais B Berlin B Brandenburg B Alevitentum B Mosque B Architektur: Kirchen, Sakralbauten B Hinduism B Sakralraumreflexion B Geschichte der Architektur B Christianity B Thesis B Sakralraumtypologie B Syngoge B Buddhism B Andachtshaus B Temple B Judaism |
| Online Access: |
Cover (Publisher) Inhaltstext (Publisher) Table of Contents |
| Parallel Edition: | Erscheint auch als: 9783987401381 |
MARC
| LEADER | 00000cam a2200000 c 4500 | ||
|---|---|---|---|
| 001 | 1909986895 | ||
| 003 | DE-627 | ||
| 005 | 20260211095503.0 | ||
| 007 | tu | ||
| 008 | 241202s2024 gw ||||| m 00| ||ger c | ||
| 015 | |a 24,N48 |2 dnb | ||
| 016 | 7 | |a 1348902736 |2 DE-101 | |
| 020 | |a 9783987401374 |q broschiert : EUR 48.00 (DE), EUR 49.40 (AT) | ||
| 024 | 3 | |a 9783987401374 | |
| 035 | |a (DE-627)1909986895 | ||
| 035 | |a (DE-599)DNB1348902736 | ||
| 035 | |a (OCoLC)1477868284 | ||
| 040 | |a DE-627 |b ger |c DE-627 |e rda | ||
| 041 | |a ger | ||
| 044 | |c XA-DE-BW | ||
| 072 | 7 | |a 1925 |2 wsb | |
| 082 | 0 | |a 203.5094315 |q DE-101 |2 23/ger | |
| 082 | 0 | 4 | |a 200 |a 720 |a 300 |q DE-101 |
| 084 | |a BE 2600 |q DE-24/25sred |2 rvk |0 (DE-625)rvk/10535: | ||
| 084 | |a 21.70 |2 bkl | ||
| 084 | |a 56.88 |2 bkl | ||
| 084 | |a 11.07 |2 bkl | ||
| 084 | |a 15.46 |2 bkl | ||
| 100 | 1 | |e VerfasserIn |0 (DE-588)1311237720 |0 (DE-627)1871224810 |4 aut |a Nützel, Gerdi | |
| 109 | |a Nützel, Gerdi | ||
| 245 | 1 | 0 | |a Religiöse Pluralisierung im öffentlichen Raum |b Sakralräume in Berlin und Brandenburg |c Gerdi Nützel |
| 263 | |a 202412 | ||
| 264 | 1 | |a Baden-Baden |b Ergon Verlag |c [2024] | |
| 264 | 4 | |c © 2024 | |
| 300 | |a 408 Seiten |b Illustrationen, Karten |c 24 cm x 17 cm | ||
| 336 | |a Text |b txt |2 rdacontent | ||
| 337 | |a ohne Hilfsmittel zu benutzen |b n |2 rdamedia | ||
| 338 | |a Band |b nc |2 rdacarrier | ||
| 502 | |b Habilitationsschrift |c Humboldt-Universität zu Berlin | ||
| 520 | |a Erstmals wird hier die historische Entwicklung zur gegenwärtigen religiösen Pluralität in Berlin und Brandenburg dargestellt. In Wort und Bild werden die Aspekte verdeutlicht, die in fünf Phasen seit 300 Jahren für die Einrichtung von religionsspezifischen und geteilten Sakralräumen entscheidend waren. Vorweg werden die Sakralraumtypen verschiedener Religionen sowie unterschiedliche Paradigmen der Raumteilung zwischen Kulturen und Religionen behandelt. Sodann werden auf der Grundlage historischer Einsichten Perspektiven für die Sakralbauarchitektur, die stadt- und regionalgeografische Planung sowie die Rolle von Religion im öffentlichen Raum entwickelt. Für eine Raumteilung der Religionen in Form der interreligiösen Konvivenz schlägt die Autorin, die selbst in der interreligiösen Arbeit praktisch engagiert und wissenschaftlich tätig ist, sieben Transformationsimpulse vor | ||
| 583 | 1 | |a Archivierung/Langzeitarchivierung gewährleistet |f PEBW |x XA-DE-BW |2 pdager |5 DE-31 | |
| 650 | 4 | |a Architektur: Kirchen, Sakralbauten | |
| 650 | 4 | |a Geschichte der Architektur | |
| 650 | 4 | |a Geschichte der Religion | |
| 651 | 4 | |a Berlin | |
| 651 | 4 | |a Brandenburg | |
| 653 | |a Alevitentum | ||
| 653 | |a Andachtshaus | ||
| 653 | |a Bahais | ||
| 653 | |a Buddhismus | ||
| 653 | |a Christentum | ||
| 653 | |a Hinduismus | ||
| 653 | |a Judentum | ||
| 653 | |a Kirche | ||
| 653 | |a Kuppel | ||
| 653 | |a Moschee | ||
| 653 | |a Sakralraumreflexion | ||
| 653 | |a Sakralraumtypologie | ||
| 653 | |a Syngoge | ||
| 653 | |a Tempel | ||
| 653 | |a Turm | ||
| 655 | 7 | |a Hochschulschrift |0 (DE-588)4113937-9 |0 (DE-627)105825778 |0 (DE-576)209480580 |2 gnd-content | |
| 689 | 0 | 0 | |d g |0 (DE-588)4005728-8 |0 (DE-627)10482638X |0 (DE-576)208862560 |2 gnd |a Berlin |
| 689 | 0 | 1 | |d g |0 (DE-588)4007955-7 |0 (DE-627)78767656X |0 (DE-576)208873449 |2 gnd |a Brandenburg |
| 689 | 0 | 2 | |d s |0 (DE-588)4178936-2 |0 (DE-627)105337609 |0 (DE-576)20998788X |2 gnd |a Sakralbau |
| 689 | 0 | 3 | |d s |0 (DE-588)4296178-6 |0 (DE-627)104164549 |0 (DE-576)210985100 |2 gnd |a Religiöser Pluralismus |
| 689 | 0 | 4 | |d s |0 (DE-588)4033569-0 |0 (DE-627)106256653 |0 (DE-576)209002654 |2 gnd |a Kulturkontakt |
| 689 | 0 | |5 DE-101 | |
| 689 | 1 | 0 | |d g |0 (DE-588)4005728-8 |0 (DE-627)10482638X |0 (DE-576)208862560 |2 gnd |a Berlin |
| 689 | 1 | 1 | |d g |0 (DE-588)4007955-7 |0 (DE-627)78767656X |0 (DE-576)208873449 |2 gnd |a Brandenburg |
| 689 | 1 | 2 | |d s |0 (DE-588)4178936-2 |0 (DE-627)105337609 |0 (DE-576)20998788X |2 gnd |a Sakralbau |
| 689 | 1 | 3 | |d s |0 (DE-588)4296178-6 |0 (DE-627)104164549 |0 (DE-576)210985100 |2 gnd |a Religiöser Pluralismus |
| 689 | 1 | |5 (DE-627) | |
| 710 | 2 | |e Verlag |0 (DE-588)4755404-6 |0 (DE-627)701202580 |0 (DE-576)216080177 |4 pbl |a Ergon-Verlag | |
| 710 | 2 | |e Grad-verleihende Institution |0 (DE-588)1220138-8 |0 (DE-627)101191235 |0 (DE-576)193677407 |4 dgg |a Humboldt-Universität zu Berlin | |
| 751 | |a Berlin |0 (DE-588)4005728-8 |0 (DE-627)10482638X |0 (DE-576)208862560 |4 uvp | ||
| 776 | 1 | |z 9783987401381 |c (ePDF) | |
| 776 | 0 | 8 | |i Erscheint auch als |n Online-Ausgabe |z 9783987401381 |
| 787 | 0 | 8 | |i Kritik in |a Claussen, Johann Hinrich, 1964 - |t Entdeckung |d 2025 |w (DE-627)1940752574 |
| 856 | 4 | 2 | |u http://deposit.dnb.de/cgi-bin/dokserv?id=72b3e9d743c04254bfb4e03a479ebe3a&prov=M&dok_var=1&dok_ext=htm |m X:MVB |q text/html |x Verlag |3 Inhaltstext |7 1 |
| 856 | 4 | 2 | |u https://www.dietmardreier.de/annot/564C42696D677C7C393738333938373430313337347C7C434F50.jpg?sq=5 |x Verlag |3 Cover |7 1 |
| 856 | 4 | 2 | |u https://d-nb.info/1348902736/04 |m B:DE-101 |q application/pdf |x Verlag |3 Inhaltsverzeichnis |7 1 |
| 935 | |a mteo | ||
| 936 | r | v | |a BE 2600 |b Sakrale Orte, Wallfahrten, Pilgern, Sakralbauten |k Theologie und Religionswissenschaften |k Religionswissenschaft |k Systematische Religionswissenschaft |k Religionsphänomenologie |k Religiöses Leben und Praktiken |k Sakrale Orte, Wallfahrten, Pilgern, Sakralbauten |0 (DE-627)1270668013 |0 (DE-625)rvk/10535: |0 (DE-576)200668013 |
| 936 | b | k | |a 21.70 |j Geschichte der Sakralbaukunst |0 (DE-627)106421255 |
| 936 | b | k | |a 56.88 |j Sakralbau |x Architektur |0 (DE-627)106421204 |
| 936 | b | k | |a 11.07 |j Interreligiöse Beziehungen |0 (DE-627)106403710 |
| 936 | b | k | |a 15.46 |j Brandenburg |j Preußen |j Berlin |x Deutsche Geschichte |0 (DE-627)181569698 |
| 951 | |a BO | ||
| ELC | |b 1 | ||
| LOK | |0 000 xxxxxcx a22 zn 4500 | ||
| LOK | |0 001 4733676107 | ||
| LOK | |0 003 DE-627 | ||
| LOK | |0 004 1909986895 | ||
| LOK | |0 005 20250612231308 | ||
| LOK | |0 008 250612||||||||||||||||ger||||||| | ||
| LOK | |0 040 |a DE-Tue135 |c DE-627 |d DE-Tue135 | ||
| LOK | |0 092 |o n | ||
| LOK | |0 852 |a DE-Tue135 | ||
| LOK | |0 852 1 |9 00 | ||
| LOK | |0 935 |a ixbt | ||
| LOK | |0 939 |a 06-06-25 |b l01 | ||
| ORI | |a TA-MARC-ixtheoa001.raw | ||
| REF | |a Architekturgeschichte,Religionsgeschichte | ||
| REL | |a 1 | ||
| STA | 0 | 0 | |a Berlin,East Berlin,Berlin (Germany),Cultural contact,Intercultural contact,Interethnic relations,Intercultural communication in literature,Religious pluralism,Religion,Pluralism,Sacral building,Sacred architecture,Christian architecture,Religious architecture,Architecture |
| STB | 0 | 0 | |a Contact culturel,Pluralisme religieux,Édifice sacré |
| STC | 0 | 0 | |a Contacto cultural,Edificio sagrado,Pluralismo religioso |
| STD | 0 | 0 | |a Contatto culturale,Edificio sacro,Pluralismo religioso |
| STE | 0 | 0 | |a 宗教多元主义,宗教多元论,宗教建筑,神圣建筑,文化接触,文化联系 |
| STF | 0 | 0 | |a 宗教多元主義,宗教多元論,宗教建築,神聖建築,文化接觸,文化聯繫 |
| STG | 0 | 0 | |a Contato cultural,Edifício sagrado,Pluralismo religioso |
| STH | 0 | 0 | |a Культурный контакт,Религиозный плюрализм,Сакральная архитектура |
| STI | 0 | 0 | |a Θρησκευτικός πλουραλισμός,Ιερό κτίσμα,Ιερό κτήριο,Πολιτισμική επαφή |
| SUB | |a REL | ||
| SYF | 0 | 0 | |a Deutschland(gesamtdt. Fragen) - Berlin,Ostberlin,Groß-Berlin,Hauptstadt der DDR Berlin,Hauptstadt der Deutschen Demokratischen Republik Berlin,Bezirk Berlin,Bezirk Groß-Berlin,Ost-Berlin,Berlin,Westberlin,Groß-Berlin,Berurin,Estado,Delstaten,West-Berlin,Land Berlin,Großberlin,Groß-Berlin,Haupt- und Residenz-Stadt Berlin,Reichshauptstadt Berlin,Berlino,Berolino,Stadtgemeinde Berlin,Hauptstadt Berlin,Birlīn,Barlīn,Berolinon,Land Berlin,Coloniae Brandenburgicae,Berlinum,Verolino,Berolinum,Cölln an der Spree,Colonia Brandenburgica,Colonia Marchica,Cöln an der Spree,"Besonderes Gebiet" Berlin,Gross-Berlin , Markgrafschaft Brandenburg,Markgrafentum Brandenburg,Kurfürstentum Brandenburg,Kurfürstentum Brandemburg,Mark Brandenburg,Brandenburg,State of Brandenburg,Land Brandenburg,Land Brandenburgia,Land du Brandebourg,Federal'naja Zemlja Brandenburg,Zemlja Brandenburg,Bramborska,Brandenburg,Brandenburg an der Havel,Brandburg,Brandeburgum,Brandenburgum ad Havelam,Civitas Marchia,Brandenburg,Brandenburg,Kurbrandenburg |
| SYG | 0 | 0 | |a Deutschland(gesamtdt. Fragen) - Berlin,Ostberlin,Groß-Berlin,Hauptstadt der DDR Berlin,Hauptstadt der Deutschen Demokratischen Republik Berlin,Bezirk Berlin,Bezirk Groß-Berlin,Ost-Berlin,Berlin,Westberlin,Groß-Berlin,Berurin,Estado,Delstaten,West-Berlin,Land Berlin,Großberlin,Groß-Berlin,Haupt- und Residenz-Stadt Berlin,Reichshauptstadt Berlin,Berlino,Berolino,Stadtgemeinde Berlin,Hauptstadt Berlin,Birlīn,Barlīn,Berolinon,Land Berlin,Coloniae Brandenburgicae,Berlinum,Verolino,Berolinum,Cölln an der Spree,Colonia Brandenburgica,Colonia Marchica,Cöln an der Spree,"Besonderes Gebiet" Berlin,Gross-Berlin , Markgrafschaft Brandenburg,Markgrafentum Brandenburg,Kurfürstentum Brandenburg,Kurfürstentum Brandemburg,Mark Brandenburg,Brandenburg,State of Brandenburg,Land Brandenburg,Land Brandenburgia,Land du Brandebourg,Federal'naja Zemlja Brandenburg,Zemlja Brandenburg,Bramborska,Brandenburg,Brandenburg an der Havel,Brandburg,Brandeburgum,Brandenburgum ad Havelam,Civitas Marchia,Brandenburg,Brandenburg,Kurbrandenburg , Sakrale Architektur,Sakralarchitektur,Religiöse Architektur,Kultgebäude,Kultbau , Religion,Religiöse Vielfalt , Interkulturelle Kommunikation,Interkultureller Austausch,Interkultureller Kontakt,Kulturbegegnung,Kulturberührung,Interethnik,Interethnische Beziehungen,Interkulturelle Kommunikation,Interkultureller Austausch,Interkultureller Kontakt,Kulturbegegnung,Kulturberührung,Interethnik,Interethnische Beziehungen , Deutschland(gesamtdt. Fragen) - Berlin,Ostberlin,Groß-Berlin,Hauptstadt der DDR Berlin,Hauptstadt der Deutschen Demokratischen Republik Berlin,Bezirk Berlin,Bezirk Groß-Berlin,Ost-Berlin,Berlin,Westberlin,Groß-Berlin,Berurin,Estado,Delstaten,West-Berlin,Land Berlin,Großberlin,Groß-Berlin,Haupt- und Residenz-Stadt Berlin,Reichshauptstadt Berlin,Berlino,Berolino,Stadtgemeinde Berlin,Hauptstadt Berlin,Birlīn,Barlīn,Berolinon,Land Berlin,Coloniae Brandenburgicae,Berlinum,Verolino,Berolinum,Cölln an der Spree,Colonia Brandenburgica,Colonia Marchica,Cöln an der Spree,"Besonderes Gebiet" Berlin,Gross-Berlin , Markgrafschaft Brandenburg,Markgrafentum Brandenburg,Kurfürstentum Brandenburg,Kurfürstentum Brandemburg,Mark Brandenburg,Brandenburg,State of Brandenburg,Land Brandenburg,Land Brandenburgia,Land du Brandebourg,Federal'naja Zemlja Brandenburg,Zemlja Brandenburg,Bramborska,Brandenburg,Brandenburg an der Havel,Brandburg,Brandeburgum,Brandenburgum ad Havelam,Civitas Marchia,Brandenburg,Brandenburg,Kurbrandenburg , Sakrale Architektur,Sakralarchitektur,Religiöse Architektur,Kultgebäude,Kultbau , Religion,Religiöse Vielfalt |
| TIM | |a 000000000000_100019481231 |b - 1948 | ||



